|
|
|
|
| LEADER |
00000cam a2200000 7i4500 |
| 001 |
0000001925 |
| 005 |
20020516.0 |
| 020 |
0 |
0 |
|a 9838120421
|
| 090 |
0 |
0 |
|a R582.13
|b JAM 2001
|
| 100 |
0 |
0 |
|a JAMILI Nais
|
| 245 |
1 |
0 |
|a Rafflesia of the world
|c Jamili Nais; illustrations by Yong Ket Hyun and Jusimim Duaneh
|
| 260 |
0 |
0 |
|a Kota Kinabalu, Sabah :
|b Sabah Paks ,
|c 2001
|
| 300 |
|
|
|a xiii, 243 p. :
|b col. ill., maps ;
|c 26 cm.
|
| 500 |
0 |
0 |
|a Includes bibliography : p. 225-234 and index
|
| 650 |
0 |
0 |
|a Rafflesia
|
| 650 |
0 |
0 |
|a Wild flowers
|
| 998 |
|
|
|a JPSM
|
| 999 |
|
|
|a 0000003124
|b Monograph
|c Reference
|e Default branch
|
| 999 |
|
|
|a 0000003289
|b Monograph
|c Open Shelf
|e Default branch
|